000 02647 a2200217 4500
001 23691
005 20260407155523.0
008 260407a1964 arg spa d
003 AR-UNSa-BCEJYS
040 _aAR-UNSa-BCEJYS
_bspa
_cAR-UNSa-BCEJYS
080 _a330
_xEconomía en general
245 1 0 _aManual del profesor y clave de respuestas
_pguia de estudio y libro de ejercicios
264 1 _aMadrid :
_bAguilar
_c1964
300 _axvi, 241 p.
_c21 cm.
505 _a1. Introducción - 2. Los problemas centrales de toda sociedad económica - 3. Funcionamiento del sistema mixto de empresa capitalista - 4. Elemento de oferta y la demanda - 5. Las empresas: su organización e ingresos - 5. Ingresos individuales y familiares - 7. Economía individual y seguros sociales - 8. Los trabajadores y las relaciones industriales - 9. La funcón económica del estado: el gasto publico. -La regulación de la actividad económica y la financiación del gasto - 10. La función económica del estado: los impuestos federales y las haciendas locales - 11. La renta y el producto nacionales - 12. El ahorro, el consumo y la inversión - 13. La teoría de la determinación de la renta - 14. El ciclo económico y su previsión - 15. Precios y dinero - 16. Elementos del sistema bancario y de la creación de depósitos - 17. La política monetaria de la banca central - 18. Síntesis de la teoría y del análisis de la renta - 19. La política fiscal y el pleno empleo sin inflación - 20. La formación del precio por la oferta y la demanda - 21. La teoría de la demanda y la utilidad - 22. El coste y la oferta - 23. La oferta y la demanda aplicadas en la agricultura - 24. El equilibrio de la empresa: Costes e ingresos - 25. La competencia imperfecta - 26. La teoría de la producción - 27. La formación de los precios de los factores de la producción: la renta de la tierra y otras rentas - 28. Los salarios de competencia y las negociaciones colectivas - 29. El interés y el capital - 30. Beneficios y alicentes - 31. La balanza de pagos internacionales - 32. El comercio internacional y la teoría de los costes comparativos - 33. Teoría de la protección arancelaria y de la libertad de comercio - 34. Los problemas económicos internacionales de la actualidad - 35. Problemas del crecimiento y del desarrollo económico - 36. Problemas del crecimiento económico y de la estabilidad de los precios en una economía avanzada - 37. Los distintos problemas económicos
942 _cBK
590 _aniveau_biblio:m niveau_hierar:0
100 1 _aSamuelson, Paul A.
700 1 _aRobinson, Romney
700 1 _aBarinaga Blanco, Jose Luis
999 _c1116
_d1116